Pikmin 2- Liste des trésors - Statistiques

Statistiques générales
  • Ce quiz a été pris 4 fois
  • Le résultat moyen est 4 sur 200
Statistiques - réponses
Série Noms trésors % Correct
Masse Acide
100%
Baie Ensoleillée
50%
Emblème Désaltérant
50%
Germe Anxieux
50%
Gîte des Insectes
50%
Série Succulente Grenade de Cupidon
50%
Série du Gourmet Viande des Champions
50%
Adhésif Furieux
0%
Aérofrein
0%
Affûteur Manuel
0%
Aimant Ultime
0%
Alerte Conjugale
0%
Alliage de la Justice
0%
Ampli Amplifié
0%
Anneau en Sucre
0%
Antenne Boudeuse
0%
Appendice Répugnant
0%
Architecture Ouverte
0%
Archives Cosmiques
0%
Archives Ouvertes
0%
Art Fugace
0%
Série des Amis Atlas Sphérique
0%
Bac Lacté
0%
Baie Dévastatrice
0%
Biscuit Hypnotique
0%
Biscuit Impénétrable
0%
Série des Sucreries Biscuit Impérieux
0%
Biscuit Moelleux
0%
Blandice
0%
Série de Glace Boîte à Bonheur
0%
Bombe Comique
0%
Boule Comique
0%
Boule d'Amour
0%
Boule de Cristal
0%
Série des Emotions Cristallisées Boule Omnisciente
0%
Bulbe Pèlerin
0%
Buste de Gyroïde
0%
Canon Ardent
0%
Capsule Temporelle
0%
Ceinture Adamantine
0%
Champignon Toxique
0%
Champi-pousse
0%
Série Paléontologique Citrouille Possédée
0%
Clairvoyance Cristallisée
0%
Cœur du Réseau
0%
Série des Lamentations Maritales Coeur Pétrifié
0%
Colifichet Arborescent
0%
Colmateur Adhésif
0%
Conteneur de Survie
0%
Conteneur du Néant
0%
Série des Gros Conteneurs Conteneur du Savoir
0%
Conteneur Infini
0%
Conteneur Océanique
0%
Conteneur Opulent
0%
Conteneur Parfait
0%
Conteneur Pléthorique
0%
Copain d'Antan
0%
Coquille Délicieuse
0%
Coquille du Souvenir
0%
Coquille Olimarnite
0%
Courage Forgé
0%
Coussin Chocolaté
0%
Créateur d'Activité
0%
Série des Vieux Succès Créateur de Rêves
0%
Série des Vieux Secrets Cristal Suprême
0%
Délicatesse Fortifiée
0%
Délice Caché
0%
Série des Délices Naturels Délice Epineux
0%
Démolisseur d'Email
0%
Destructeur de Fléaux
0%
Diamant Royal
0%
Disque Mystique
0%
Dynamiseur
0%
Emblème de la Réflexion
0%
Emblème du Bonheur
0%
Série de l'Artiste Enduit Décoratif
0%
Energie Eternelle
0%
Enfant de la Terre
0%
Enigme Paradoxale
0%
Essence de la Colère
0%
Essence du Désespoir
0%
Essence du Désir
0%
Essence du Grand Amour
0%
Etoile de l'Epouse
0%
Etoile du Mari
0%
Extracteur Cruel
0%
Ferraille Suprême
0%
Flamme du Lendemain
0%
Fongus Anti-hoquet
0%
Fossile Colossal
0%
Fustigation Spirituelle
0%
Série des Equipements Modernes Générateur de Mousse
0%
Globe Stellaire
0%
Graine Cupide
0%
Guide de la Destinée
0%
Gyrobloc Fétiche
0%
Gyrobloc Inoubliable
0%
Gyrobloc Perdu
0%
Gyrobloc Précieux
0%
Gyrobloc Rouge
0%
Haltère Obscur
0%
Icône du Progrès
0%
Imitation d'Oignon
0%
Incarnation du Labeur
0%
Innocence Perdue
0%
Instrument du Maître
0%
Irrésistible Tentation
0%
Laboureur Ardent
0%
La Clé
0%
Laideur Plastique
0%
Larme de Pierre
0%
Légume Infernal
0%
Mâchoire de Béhémoth
0%
Matelas Succulent
0%
Matériau de Rêve
0%
Série Haute Technologie Mécanisme Temporel
0%
Menace Rose
0%
Mérite Méconnu
0%
Série de l'Amour Spatial Merveille Ineffable
0%
Mine Aquatique
0%
Mobilier Capital
0%
Moniteur Universel
0%
Monolithe Conflictuel
0%
Noisette Corpulente
0%
Noisette Mélancolique
0%
Œil Eternel d'Emeraude
0%
Oeuvre Abstraite
0%
Ours Fossilisé
0%
Pâle Passion
0%
Panneau Alien
0%
Para-sécheresse
0%
Pâtisserie Ronde
0%
Péché Gourmand
0%
Pépite d'Amour
0%
Perle de Princesse
0%
Pièce Lustrée
0%
Pièce Miroitante
0%
Piège à Insectes
0%
Pierre de Glace
0%
Pierre de la Gloire
0%
Pierre Ephémère
0%
Pierre Supérieure
0%
Série du Grand Chef Plateau Coupant
0%
Série des Logos Bizarres Plateau Hypnotique
0%
Plume Géante
0%
Poing Bagarreur
0%
Pompe Géante
0%
Porte du Cornichon
0%
Pousse Conique
0%
Processeur de Vide
0%
Processeur Indomptable
0%
Projection de Cartes
0%
Série Xénoflore Projet de Recherche
0%
Propulseur à Ressort
0%
Série des Energies Mystiques Proton AA
0%
Prototype de Détection
0%
Réacteur Vaillant
0%
Récepteur Spatial
0%
Réserves Infinies
0%
Réservoir d'Energie
0%
Restes Mystérieux
0%
Rêveur Candi
0%
Roi des Douceurs
0%
Roi des Insectes
0%
Sac de Couchage
0%
Sac de Viande
0%
Salivatrix
0%
Scène Magique
0%
Scène Miroitante
0%
Série des Rêves Sculpture Maternelle
0%
Sensation Authentique
0%
Service Labial
0%
Sifflet Impérial
0%
Silencieux
0%
Silo Nutritif
0%
Sonnette d'Alarme
0%
Stabilisateur Surpuissant
0%
Statue de Luxe
0%
Statue de Pacotille
0%
Sueur Extrême
0%
Supercolle Epuisée
0%
Synthétiseur Harmonique
0%
Table Moderne
0%
Talisman de la Vie
0%
Télékinésie Cristallisée
0%
Télépathie Cristallisée
0%
Testeur de Patience
0%
Tête Agitée
0%
Série Araknéak Titan Thérapeute de Choc
0%
Ticket de la Chance
0%
Titan de la Réparation
0%
Totem de la Chance
0%
Tourbillon de Joie
0%
Trèfle de Cristal
0%
Triple Menace
0%
Trompe de Pro
0%
Série des Vieilles Pubs Tyran Jaune
0%
Ustensile Divin
0%
Victuaille Infâme
0%
Série Industrielle Volant Oméga
0%
Aucun quiz correspondant
Distribution des résultats
% des personnes avec chaque résultat
Percentile par nombre de réponses
Votre historique - résultats
Vous n’avez pas pris ce quiz